000 00644cam a22002413a 4500
001 29931
003 PGUSA
005 20140828083639.0
008 090908s2009||||xxu|||||s|||||000 1 eng d
040 _aPGUSA
_beng
042 _adc
100 1 _aLohrman, Paul
245 1 4 _aThe Big Tomorrow
_h[electronic resource] /
_cPaul Lohrman
260 _bProject Gutenberg,
_c2009
506 _aPublic domain in the USA.
516 _aElectronic text
653 _aScience fiction
653 _aShort stories
700 1 _aKossin, Sandy
830 0 _aProject Gutenberg
_v29931
856 4 0 _uhttp://www.gutenberg.org/ebooks/29931
942 _cEB
999 _c259186
_d259186